| 000 | 00509nab a2200145Ia 4500 | ||
|---|---|---|---|
| 003 | ES-SlBCS | ||
| 005 | 20210601133736.0 | ||
| 008 | 140529s2001 xxu||||| |||| 00| 0 por d | ||
| 041 | _apor | ||
| 100 | 1 |
_aResende, Selmo Haroldo _9209045 |
|
| 245 | 0 | 2 |
_aA formaçao do educador: uma leitura a partir do projeto existencial de Sartre _c Selmo Haroldo Resende |
| 600 | 1 | 4 |
_aSartre-Filosofía de la Educación _9209046 |
| 773 | 0 |
_tEducaçao e Filosofia _gvol. 15, nº. 30, 2001, págs. 53-66 _wRev1534 |
|
| 942 | _cAR | ||
| 999 |
_c601388 _d601388 |
||